Hľadanie vzťahov v databáze pojmov k predmetu Umelá inteligencia bakalárska práca

Saved in:
Bibliographic Details
Main Author: Ivanová, Gabriela
Corporate Author: Fakulta hospodárskej informatiky EU. Katedra aplikovanej informatiky
Other Authors: Rakovská, Eva, 1963-
Format: Book
Language:Slovak
Published: Bratislava 2017
Tags: Add Tag
No Tags, Be the first to tag this record!

MARC

LEADER 00000nbm a2200000 4500
001 0235517
005 20240918085729.5
041 0 |a slo 
044 |a SK 
245 1 0 |a Hľadanie vzťahov v databáze pojmov k predmetu Umelá inteligencia  |b bakalárska práca  |c Gabriela Ivanová ; školiteľ: Eva Rakovská 
264 1 |a Bratislava  |c 2017 
300 |a 50 s. 
100 1 |a Ivanová, Gabriela 
700 1 |a Rakovská, Eva, 1963- 
710 2 |a Fakulta hospodárskej informatiky EU. Katedra aplikovanej informatiky